000
00281nas a2200121Ia 4500
008
150201s2010 xx 000 0 und d
245
_a
Indian Journal of Surgery
260
_c
2010
310
_a
Bio-Monthly
500
_a
NATIONAL
650
_a
General Surgery
942
_2
ddc
_c
LJ
_s
1
999
_c
6187
_d
6187